| 000 | 01249cam a22002771i 4500 | ||
|---|---|---|---|
| 003 | SA-RiAUC | ||
| 005 | 20250811071228.0 | ||
| 008 | 250807s1993 ||| g 000 0 ara c | ||
| 040 |
_aJO-MaAABU _bara _cSA-RiAUC _erda |
||
| 082 | 0 | 4 | _a216 |
| 090 |
_a216 _bع م ر |
||
| 100 | 1 |
_aالعمروي، عبد الحي _eمؤلف. |
|
| 245 | 1 | 2 |
_aالتحذير من الاغترار بما جاء في كتاب الحوار / _cعبد الحي العمروي، عبد الكريم مراد. |
| 250 | _aالطبعة الثانية. | ||
| 264 | 1 |
_a[مكان النشر غير محدد] : _b[الناشر غير محدد]، _c1993. |
|
| 300 |
_a160 صفحة _c24 سم |
||
| 336 |
_aنص _btxt _2rdacontent _3كتاب |
||
| 337 |
_aبدون وسيط _bn _2rdamedia |
||
| 338 |
_aمجلد _bnc _2rdacarrier |
||
| 650 | 7 |
_aالإسلام _xدفع مطاعن _2aucsh |
|
| 700 | 1 |
_aمراد، عبد الكريم _eمؤلف. |
|
| 700 | 1 | 2 |
_aابن منيع، عبد الله بن سليمان بن محمد، _d1349 هجري- _tحوار مع المالكي في رد منكراته وضلالاته. |
| 740 | 0 | 2 | _aحوار مع المالكي في رد منكراته وضلالاته. |
| 942 |
_2ddc _cBOOK _n0 |
||
| 949 |
_aSA-JeALM _d250807 _umohamedma123 _n1 |
||
| 999 |
_c10724 _d10724 |
||